Sette racconti / (Registro nro. 187301)

Detalles MARC
000 -LEADER
campo de control de longitud fija 00813nam a2200241 i 4500
001 - NÚMERO DE CONTROL
campo de control 187301
003 - IDENTIFICADOR DE NÚMERO DE CONTROL
campo de control ES-MaACL
005 - FECHA Y HORA DE LA ÚLTIMA TRANSACCIÓN
campo de control 20231230063013.0
008 - DATOS DE LONGITUD FIJA--INFORMACIÓN GENERAL
campo de control de longitud fija 170530s1972 dk a |||| |dita d
020 ## - NÚMERO INTERNACIONAL ESTÁNDAR DEL LIBRO
Número Internacional Estándar del Libro 87-429-7792-4
080 ## - NÚMERO DE LA CLASIFICACIÓN DECIMAL UNIVERSAL
Número de la Clasificación Decimal Universal 811.131.1(076)
100 1# - ENTRADA PRINCIPAL--NOMBRE DE PERSONA
Nombre de persona Moravia, Alberto,
Fechas asociadas al nombre 1907-1990
9 (RLIN) 83166
245 10 - MENCIÓN DEL TÍTULO
Título Sette racconti /
Mención de responsabilidad, etc. Alberto Moravia ; [a cura di Solveig Odland, Pina Zaccarin].
246 3# - FORMA VARIANTE DEL TITULO
Título propio/Titulo breve 7 racconti
250 ## - MENCION DE EDICION
Mención de edición Ed. semplificata ad uso scolastico e autodidattico.
260 ## - PUBLICACIÓN, DISTRIBUCIÓN, ETC.
Lugar de publicación, distribución, etc. [Copenaghen] :
Nombre del editor, distribuidor, etc. Aschehoug,
Fecha de publicación, distribución, etc. 1972.
300 ## - DESCRIPCIÓN FÍSICA
Extensión 80 p. :
Otras características físicas il. ;
Dimensiones 19 cm.
490 1# - MENCIÓN DE SERIE
Mención de serie Easy readers.
-- C
650 #4 - PUNTO DE ACCESO ADICIONAL DE MATERIA--TÉRMINO DE MATERIA
Término de materia o nombre geográfico como elemento de entrada Lengua italiana-
Subdivisión de forma Lecturas.
9 (RLIN) 162920
830 0# - PUNTO DE ACCESO ADICIONAL DE SERIE-TÍTULO UNIFORME
Título uniforme Easy readers.
-- C
9 (RLIN) 225544
852 ## - LOCALIZACIÓN
Ubicación ES-MaACL
Número de control de estantería L-31650
Nota libre . - Donat. Carmen Zumárraga
Existencias
Estatus retirado Estado de pérdida Estado de daño No para préstamo Biblioteca de origen Biblioteca actual Ubicación en estantería Fecha de adquisición Fuente de adquisición Total de préstamos Signatura topográfica completa Código de barras Visto por última vez Precio de reemplazo Tipo de ítem Koha
        Biblioteca del Ateneo de Madrid Biblioteca del Ateneo de Madrid Depósito 2 30/05/2017     L-31650 1197654 23/02/2023 23/02/2023 Libro impreso